000 01938nam a2200493Ii 4500
001 DIGANAGRA0673
003 NyNyDIG
006 m o d
007 cr |||||||||||
008 220919s2015 sp ob 000 0 spa d
035 _a(OCoLC)1350507210
040 _aDGITA
_beng
_erda
_epn
_cDGITA
020 _a9788433936431
_qdigital
020 _z9788433963901
041 1 _aspa
_hita
050 1 4 _aBF637.F67 ebook
082 0 4 _a158.2
100 1 _aRecalcati, Massimo,
_eauthor.
240 1 0 _aNon è piu come prima.
_lSpanish
_s(Gumpert Melgosa)
245 1 0 _aYa no es como antes :
_belogio del perdón en la vida amorosa /
_cMassimo Recalcati ; traducción de Carlos Gumpert.
246 3 0 _aElogio del perdón en la vida amorosa
250 _aEdición en formato digital.
264 1 _aBarcelona :
_bEditorial Anagrama,
_c[2015]
300 _a1 online resource.
336 _atext
_btxt
_2rdacontent
337 _acomputer
_bc
_2rdamedia
338 _aonline resource
_bcr
_2rdacarrier
347 _atext file
_2rdaft
347 _bEPUB
504 _aIncludes bibliographical references.
588 0 _aOnline resource; title from ePub title page (Digitalia, viewed September 19, 2022)
650 0 _aForgiveness.
650 0 _aInterpersonal relations.
655 0 _aElectronic books.
700 1 _aGumpert Melgosa, Carlos,
_d1962-
_etranslator.
700 1 _iTranslation of:
_aRecalcati, Massimo.
_tNon è piu come prima.
791 2 _aDigitalia (Firm),
_edistributor.
793 0 _gDigitalia eBook Collection:
_aAnagrama
776 0 8 _iPrint version:
_aRecalcati, Massimo.
_sNon è piu come prima. Spanish (Gumpert Melgosa).
_tYa no es como antes.
_dBarcelona : Editorial Anagrama, [2015]
_z9788433963901
830 0 _aColección Argumentos (Editorial Anagrama) ;
_v486.
856 4 0 _3Digitalia Hispánica
_uhttps://www.digitaliapublishing.com/a/42183/
910 _aPremium collection: 2022
942 _cRAA
999 _c247126
_d247126